| 000 | 00367nam a2200145Ia 4500 | ||
|---|---|---|---|
| 008 | 230711s9999||||xx |||||||||||||| ||und|| | ||
| 041 | _aENG | ||
| 082 |
_a624 _bBO-C |
||
| 100 | _aTarit Kumar Bose | ||
| 245 | 0 | _aComputational fluid dynamics | |
| 250 | _a1st Ed. | ||
| 260 |
_c1989 _aNew Delhi _bWiley Eastern Limited |
||
| 650 | _aMechanical Engineering | ||
| 942 | _cBK | ||
| 999 |
_c2693 _d2693 |
||